Largest Universities in Canada - Statistics

General Stats
  • This quiz has been taken 419 times
    259 since last reset
  • The average score is 10 of 15
Answer Stats
# University % Correct
89,400 University of Toronto
97%
52,370 University of British Columbia
93%
32,050 McGill University
87%
40,130 University of Alberta
76%
41,400 University of Ottawa
73%
34,040 University of Calgary
70%
29,200 Queen's University
68%
35,200 Université de Montréal
67%
39,500 University of Waterloo
66%
45,600 York University
60%
35,100 McMaster University
54%
33,100 Toronto Metropolitan University
48%
31,350 Université Laval
44%
27,300 University of Guelph
43%
28,340 Concordia University
39%
No matching quizzes found
Score Distribution
Percent of People with Each Score
Percentile by Number Answered
Your Score History
You have not taken this quiz since the last reset